000 01275nam a22003497a 4500
003 CHAP
005 20220329141813.0
008 971013s1979 r 00010 d
010 _a74095
011 _a75067
035 _a84627
040 _cCHAP
090 _aTesis
100 0 0 _aBarrón Flores, Consuelo Lilia.
_910562
245 _aManual de procedimientos básicos para un laboratorio de patología diagnóstica en un centro de recría de bovinos productores de leche
260 _aMéxico, D. F. :
_bEl autor,
_c1979
300 _a122 p.
_b: ilus.
502 _aTesis (Médico Veterinario Zootecnista) -- UNAM. Fac. de Medicina Veterinaria y Zootecnia
590 _aALEPH
_b10
_c20130110
_lUCH01
_h1418
590 _aBATCH-UPD
_b10
_c20130110
_lUCH01
_h0424
590 _aBATCH-UPD
_b10
_c20130410
_lUCH01
_h0059
590 _aBATCH-UPD
_b10
_c20130410
_lUCH01
_h1622
590 _aBATCH-UPD
_b10
_c20130914
_lUCH01
_h0542
590 _aCONVERSION
_b10
_c20130109
_lUCH01
_h1340
650 1 4 _aGanado lechero
_xEnfermedades.
_945260
650 1 4 _aPatología veterinaria.
_986194
650 1 4 _aVeterinaria
_xDiagnóstico.
_9118992
650 1 4 _aVeterinaria
_xMétodos de laboratorio.
_9119004
901 _aBK
942 _cTESIS
949 _bBC
_cTES
_d-40052
_eTS1
_i84627
_si
999 _c74095
_d74095